Sports Quiz

Random Sports or NBA Quiz

How much this NBA player gets paid in 2017? for KOTFQ. Quiz Stats

 Plays Quiz not verified by Sporcle

Challenge
Share
Tweet
Embed
Score 0/20 Timer 10:00
0 Plays Today
Question Answer Wrong Answers
Isaiah Thomas ???
67.1%
???
15.7%
???
4.3%
???
7.1%
Chandler Parsons ???
60%
???
7.1%
???
14.3%
???
12.9%
Kristaps Porzingis ???
58.6%
???
11.4%
???
22.9%
???
7.1%
Kevin Durant ???
57.1%
???
21.4%
???
8.6%
???
12.9%
Stephen Curry ???
54.3%
???
21.4%
???
7.1%
???
17.1%
Luol Deng ???
50%
???
25.7%
???
5.7%
???
12.9%
LeBron James ???
47.1%
???
7.1%
???
34.3%
???
11.4%
Kawhi Leonard ???
44.3%
???
21.4%
???
22.9%
???
11.4%
Dwyane Wade ???
44.3%
???
32.9%
???
12.9%
???
10%
Giannis Antetokounmpo ???
42.9%
???
24.3%
???
20%
???
7.1%
Russell Westbrook ???
40%
???
24.3%
???
22.9%
???
12.9%
DeMar DeRozan ???
40%
???
37.1%
???
11.4%
???
7.1%
James Harden ???
38.6%
???
18.6%
???
18.6%
???
21.4%
Miles Plumlee ???
37.1%
???
24.3%
???
11.4%
???
21.4%
Carmelo Anthony ???
34.3%
???
34.3%
???
20%
???
7.1%
Al Horford ???
34.3%
???
20%
???
12.9%
???
27.1%
C.J McCollum ???
34.3%
???
25.7%
???
10%
???
24.3%
Anthony Davis ???
32.9%
???
15.7%
???
38.6%
???
8.6%
Omer Asik ???
30%
???
22.9%
???
22.9%
???
18.6%
Mike Conley ???
21.4%
???
50%
???
12.9%
???
15.7%

You're not logged in!

Compare scores with friends on all Sporcle quizzes.
Join for Free
OR
Log In

You Might Also Like...

Show Comments

Extras

Created Jun 17, 2017ReportNominate
Tags:NBA Quiz, 2017, much, paid, player, salary

Top Quizzes Today


Score Distribution

Your Account Isn't Verified!

In order to create a playlist on Sporcle, you need to verify the email address you used during registration. Go to your Sporcle Settings to finish the process.

Report this User

Report this user for behavior that violates our Community Guidelines.

Details: